7-Letter Countries Quiz Stats

 Plays Quiz Updated Oct 11, 2018

Score 0/42 Timer 09:00
11 Plays Today
Country % Correct
Germany
88.5%
Finland
84.9%
Ireland
83.1%
Iceland
79.7%
Denmark
76.9%
Austria
76%
Nigeria
73.4%
Hungary
72.7%
Belgium
72.1%
Algeria
72.1%
Vietnam
72%
Morocco
71.1%
Uruguay
70.1%
Estonia
69.6%
Ukraine
67.2%
Bolivia
66.2%
Romania
66%
Albania
65.3%
Croatia
64.7%
Jamaica
64.7%
Belarus
64%
Country % Correct
Ecuador
63.9%
Georgia
62.7%
Andorra
62.1%
Somalia
61.7%
Tunisia
61.7%
Namibia
60.5%
Armenia
60.2%
Liberia
59.2%
Lesotho
59%
Lebanon
58.9%
Eritrea
57.6%
Moldova
57.4%
Senegal
56.5%
Czechia
55.6%
Bahamas
54.8%
Vanuatu
50.5%
Myanmar
50.2%
Bahrain
50%
Burundi
49.8%
Comoros
48.3%
Grenada
46.7%

You're not logged in!

Compare scores with friends on all Sporcle quizzes.
OR
Log In

Sporcle TV

Today on Sporcle TV


Watch our educational content, quiz creation guides, and fun videos on Sporcle TV.

Show Comments

Extras

Top Quizzes Today


Score Distribution

Your Account Isn't Verified!

In order to create a playlist on Sporcle, you need to verify the email address you used during registration. Go to your Sporcle Settings to finish the process.

Report this User

Report this user for behavior that violates our Community Guidelines.

Details: